| 000 | 00794cam a22002653a 4500 | ||
|---|---|---|---|
| 001 | 20084 | ||
| 003 | PGUSA | ||
| 005 | 20140828083426.0 | ||
| 008 | 061210s2006||||xxu|||||s|||||000 1 eng d | ||
| 040 |
_aPGUSA _beng |
||
| 042 | _adc | ||
| 050 | 4 | _aPR | |
| 100 | 1 |
_aStacpoole, H. De Vere _q(Henry De Vere), _d1863-1951 |
|
| 245 | 1 | 4 |
_aThe Beach of Dreams : _bA Romance _h[electronic resource] / _cH. De Vere Stacpoole |
| 260 |
_bProject Gutenberg, _c2006 |
||
| 506 | _aPublic domain in the USA. | ||
| 516 | _aElectronic text | ||
| 653 | _aAdventure stories | ||
| 653 | _aKerguelen Islands -- Fiction | ||
| 653 | _aCastaways -- Fiction | ||
| 653 | _aShipwreck survival -- Fiction | ||
| 830 | 0 |
_aProject Gutenberg _v20084 |
|
| 856 | 4 | 0 | _uhttp://www.gutenberg.org/ebooks/20084 |
| 942 | _cEB | ||
| 999 |
_c249339 _d249339 |
||